[Event "26th WSCC 2016 Open 50+"]
[Site "Marianske Lazne, Czech Republic - Hotel Cristal and Continental"]
[Date "2016.11.27"]
[Round "8.64"]
[White "Giulian, Rosemary A"]
[Black "Simon, Petr"]
[Result "1/2-1/2"]
[WhiteElo "1932"]
[BlackElo "1681"]
[PlyCount "120"]
[EventDate "2016.11.19"]

1. e4 e6 2. d4 d5 3. Nd2 c5 4. exd5 Qxd5 5. Ngf3 Nc6 6. Bc4 Qd8 7. Nb3 cxd4 8.
O-O Nf6 9. Nbxd4 Nxd4 10. Nxd4 Be7 11. c3 O-O 12. Qf3 a6 13. Bb3 e5 14. Nf5
Bxf5 15. Qxf5 Qc7 16. Bg5 g6 17. Qh3 Nh5 18. Bh6 Ng7 19. Rfe1 Kh8 20. Rad1 f5
21. Rd5 Bf6 22. Red1 Rfd8 23. Qf3 e4 24. Qe3 Rxd5 25. Rxd5 Rd8 26. Qd2 Qe7 27.
g4 fxg4 28. Rxd8+ Qxd8 29. Qxd8+ Bxd8 30. Bd5 Nf5 31. Bf4 h5 32. Bxb7 a5 33.
Bxe4 Kg7 34. Bxf5 gxf5 35. Kf1 Kf6 36. Ke2 Bb6 37. a4 Ke6 38. b4 Kd5 39. bxa5
Bxa5 40. Kd3 h4 41. Bg5 h3 42. Bf4 Bb6 43. c4+ Kc6 44. Ke2 Ba5 45. f3 Kc5 46.
fxg4 fxg4 47. Kf2 Kxc4 48. Kg3 Kb4 49. Kxg4 Kxa4 50. Kxh3 Kb5 51. Kg4 Kc6 52.
h4 Bc3 53. Kf5 Kd7 54. Bh6 Ke8 55. Kg6 Ke7 56. Bg7 Bd2 57. h5 Ke6 58. Bf6 Bc1
59. Bh4 Bd2 60. Bf6 Bc1 1/2-1/2

[Event "26th WSCC 2016 Open 50+"]
[Site "Marianske Lazne, Czech Republic - Hotel Cristal and Continental"]
[Date "2016.11.27"]
[Round "8.65"]
[White "Kainz, Josef"]
[Black "Privoznik, Lubos"]
[Result "1-0"]
[WhiteElo "1907"]
[BlackElo "1652"]
[PlyCount "81"]
[EventDate "2016.11.19"]

1. d4 Nf6 2. c4 g6 3. Nc3 Bg7 4. g3 d5 5. Bg2 c6 6. cxd5 Nxd5 7. e4 Nxc3 8.
bxc3 c5 9. Ne2 cxd4 10. cxd4 e5 11. d5 O-O 12. O-O Bg4 13. f3 Bd7 14. Qb3 b5
15. Be3 a5 16. a3 Na6 17. Nc1 Rc8 18. Nd3 Qe7 19. Rfc1 Rfd8 20. Bf1 a4 21. Qb2
f5 22. Bd2 Rc4 23. Rxc4 bxc4 24. Qb6 fxe4 25. fxe4 Rb8 26. Qxa6 cxd3 27. Qxd3
Rb3 28. Qc4 Qf7 29. Bg2 Bf8 30. Bb4 Bxb4 31. axb4 Kh8 32. Qc7 Qe8 33. Qd6 Bb5
34. Qf6+ Kg8 35. Bh3 Bd7 36. Bxd7 Qxd7 37. Qxe5 a3 38. Qb8+ Kg7 39. Rf1 Qe7 40.
d6 Rxb4 41. Qxb4 1-0

[Event "26th WSCC 2016 Open 50+"]
[Site "Marianske Lazne, Czech Republic - Hotel Cristal and Continental"]
[Date "2016.11.27"]
[Round "8.66"]
[White "Schneider, Waldemar"]
[Black "Bartonicek, Zdenek"]
[Result "1/2-1/2"]
[WhiteElo "1818"]
[BlackElo "1894"]
[PlyCount "120"]
[EventDate "2016.11.19"]

1. d4 Nf6 2. c4 c5 3. d5 e5 4. Nc3 d6 5. e4 Be7 6. Nf3 Nbd7 7. Bd3 Nf8 8. O-O
Ng6 9. b4 cxb4 10. Qa4+ Bd7 11. Qxb4 b6 12. a4 O-O 13. a5 Qc7 14. Be3 Rab8 15.
a6 Ng4 16. Bd2 Rbc8 17. h3 Nf6 18. Rfc1 Nh5 19. Nb5 Qb8 20. Kh2 h6 21. Be3 Nf6
22. g3 Ne8 23. h4 Nf6 24. Kg2 Ng4 25. Bd2 Rc5 26. Qa3 Bxb5 27. cxb5 Rfc8 28.
Bb4 Qc7 29. Bxc5 dxc5 30. Bc4 Nf6 31. Qd3 Bd6 32. Rh1 Qd7 33. h5 Ne7 34. Rh4
Rf8 35. Qc3 Qc7 36. Nh2 Qd7 37. Qf3 Nh7 38. Rh1 f5 39. exf5 Nxf5 40. Rg4 Nh4+
41. Rxh4 Rxf3 42. Nxf3 Qf5 43. Nd2 Nf6 44. Re1 Kf8 45. Ne4 Nxe4 46. Rexe4 Be7
47. Rhf4 exf4 48. Rxf4 Qxf4 49. gxf4 Bd6 50. Kf3 Kf7 51. Ke4 g6 52. hxg6+ Kxg6
53. Be2 h5 54. f5+ Kg5 55. f4+ Bxf4 56. Bxh5 Bd6 57. Be2 Kf6 58. Bd3 Kg5 59.
Be2 Kf6 60. Bd3 Kg5 1/2-1/2

[Event "26th WSCC 2016 Open 50+"]
[Site "Marianske Lazne, Czech Republic - Hotel Cristal and Continental"]
[Date "2016.11.27"]
[Round "8.67"]
[White "Hajsman, Ladislav"]
[Black "Meier, Franz"]
[Result "1-0"]
[WhiteElo "1784"]
[BlackElo "1859"]
[PlyCount "76"]
[EventDate "2016.11.19"]

1. d4 Nf6 2. c4 e5 3. dxe5 Ng4 4. Nf3 Bc5 5. e3 Nc6 6. Be2 Ngxe5 7. O-O Nxf3+
8. Bxf3 Ne5 9. Be2 O-O 10. a3 a5 11. Nc3 Re8 12. b3 Ra6 13. Ne4 Bf8 14. f4 Rh6
15. Ng5 Nc6 16. Qd5 Qe7 17. c5 Nd8 18. b4 axb4 19. axb4 Ne6 20. Bc4 d6 21. cxd6
Qxd6 22. Ra8 Qe7 23. Qf3 Qxb4 24. Rxc8 Rxc8 25. Nxe6 fxe6 26. Qe4 Kh8 27. g3 e5
28. Bb2 Qd2 29. Rf2 Qe1+ 30. Kg2 Rxh2+ 31. Kxh2 Qxf2+ 32. Kh3 Rd8 33. Qxe5 Rd2
34. Bc3 Rc2 35. Bd3 Rc1 36. Qe4 Qg1 37. Kg4 h5+ 38. Kxh5 Qh1+ 1-0

[Event "26th WSCC 2016 Open 50+"]
[Site "Marianske Lazne, Czech Republic - Hotel Cristal and Continental"]
[Date "2016.11.27"]
[Round "8.68"]
[White "Molnar, Ladislav"]
[Black "Cesar, Geovanny"]
[Result "1-0"]
[WhiteElo "1738"]
[BlackElo "1942"]
[PlyCount "113"]
[EventDate "2016.11.19"]

1. e4 c5 2. f4 Nc6 3. Nf3 Nf6 4. Nc3 d6 5. Bc4 Bg4 6. h3 Bxf3 7. Qxf3 a6 8. a4
g6 9. d3 Bg7 10. O-O Rb8 11. Be3 Nd7 12. Qg3 e6 13. f5 exf5 14. exf5 Nde5 15.
fxg6 hxg6 16. Bd5 Qh4 17. Qh2 Nd4 18. Bxd4 Qxd4+ 19. Kh1 f5 20. Rae1 Kd7 21.
Rf4 Ng4 22. Be6+ Kc6 23. Qg3 Rbe8 24. Rxd4 Bxd4 25. Qf3+ Kc7 26. Nd5+ Kb8 27.
c3 Nf2+ 28. Kh2 Ng4+ 29. Kg3 Bf2+ 30. Qxf2 Nxf2 31. Kxf2 b5 32. axb5 axb5 33.
Nf6 Re7 34. Bd5 Rxe1 35. Kxe1 Kc7 36. Kd2 g5 37. Be6 f4 38. Bg4 Rh6 39. Nd5+
Kc6 40. Bf3 Kd7 41. b4 Rh8 42. c4 bxc4 43. dxc4 cxb4 44. Nxb4 Ke6 45. Bd5+ Kd7
46. Nc2 Ke7 47. Ke2 Rb8 48. Kf3 Kf6 49. Nd4 Re8 50. Nb5 Rd8 51. Kg4 Rd7 52. Nd4
Re7 53. Ne6 Rxe6 54. Bxe6 Kxe6 55. Kxg5 Ke5 56. h4 Kd4 57. h5 1-0

[Event "26th WSCC 2016 Open 50+"]
[Site "Marianske Lazne, Czech Republic - Hotel Cristal and Continental"]
[Date "2016.11.27"]
[Round "8.69"]
[White "Petersons, Ojars"]
[Black "Koblizek, Lubomir"]
[Result "1-0"]
[WhiteElo "1704"]
[BlackElo "1811"]
[PlyCount "85"]
[EventDate "2016.11.19"]

1. e4 d6 2. g3 e5 3. c4 g6 4. Bg2 Bg7 5. Nc3 Ne7 6. Nge2 O-O 7. O-O Bg4 8. h3
Be6 9. d3 Nbc6 10. f4 Qd7 11. Kh2 Rad8 12. Rb1 Nd4 13. Nxd4 exd4 14. Nd5 f5 15.
Nxe7+ Qxe7 16. exf5 Rxf5 17. g4 Rf7 18. Bxb7 d5 19. Bxd5 Bxd5 20. cxd5 Rxd5 21.
Bd2 Qd6 22. Kg2 Rb5 23. Qf3 c5 24. b3 g5 25. f5 h6 26. Rbe1 Qd7 27. Re2 Bf6 28.
Rfe1 Rb7 29. Re6 Rb6 30. Qe4 Kg7 31. Re2 Rb7 32. Be1 Qd8 33. Bg3 Rbe7 34. Qc6
Qb6 35. Qxb6 axb6 36. Rxe7 Rxe7 37. Rxe7+ Bxe7 38. Kf3 Kf7 39. a4 Bd8 40. Ke4
Ke7 41. Kd5 Kd7 42. Be5 Kc8 43. Ke6 1-0

[Event "26th WSCC 2016 Open 50+"]
[Site "Marianske Lazne, Czech Republic - Hotel Cristal and Continental"]
[Date "2016.11.27"]
[Round "8.70"]
[White "Vlcek, Antonin"]
[Black "Bauer, Matthias"]
[Result "1-0"]
[WhiteElo "1798"]
[BlackElo "1688"]
[PlyCount "135"]
[EventDate "2016.11.19"]

1. e4 c6 2. d4 d5 3. e5 Bf5 4. Nf3 e6 5. Be2 Nd7 6. O-O Qc7 7. c4 dxc4 8. Bxc4
Nb6 9. Be2 O-O-O 10. Nc3 Ne7 11. Be3 Ned5 12. Rc1 Nxc3 13. Rxc3 Nd5 14. Rc4 Nb6
15. Rc1 Nd5 16. Bd2 Bb4 17. Bxb4 Nxb4 18. Qb3 Nd5 19. Nh4 Be4 20. Nf3 Nf4 21.
Bc4 Bxf3 22. Qxf3 Rxd4 23. Qe3 Rhd8 24. g3 Ng6 25. f4 Ne7 26. Qa3 Qb6 27. Kh1
R8d7 28. b4 Kb8 29. Qb3 Nd5 30. a3 Re4 31. b5 Rc7 32. Bxd5 cxd5 33. Rxc7 Qxc7
34. a4 Qc4 35. Qxc4 Rxc4 36. Ra1 Rb4 37. Kg2 Kc7 38. Kf3 Kb6 39. h4 Ka5 40. h5
Rxa4 41. Rxa4+ Kxa4 42. b6 axb6 43. g4 b5 44. g5 b4 45. f5 exf5 46. g6 hxg6 47.
hxg6 fxg6 48. e6 b3 49. e7 b2 50. e8=Q+ b5 51. Qe1 Kb3 52. Qb1 g5 53. Qxf5 Ka2
54. Qxd5+ Ka1 55. Qd4 Ka2 56. Qd2 Kb3 57. Qd5+ Kc2 58. Qc5+ Kb1 59. Qxb5 Kc2
60. Qc4+ Kd2 61. Qb3 Kc1 62. Qc3+ Kb1 63. Ke2 Ka2 64. Qa5+ Kb3 65. Qd5+ Ka3 66.
Qb5 Ka2 67. Qa4+ Kb1 68. Kd2 1-0

[Event "26th WSCC 2016 Open 50+"]
[Site "Marianske Lazne, Czech Republic - Hotel Cristal and Continental"]
[Date "2016.11.27"]
[Round "8.71"]
[White "Svoboda, Frantisek"]
[Black "Ruzicka, Tomas"]
[Result "1-0"]
[WhiteElo "1701"]
[BlackElo "1796"]
[PlyCount "61"]
[EventDate "2016.11.19"]

1. d4 Nf6 2. Nf3 g6 3. e3 Bg7 4. Bd3 d5 5. Nbd2 O-O 6. c3 Nc6 7. O-O Bg4 8. Re1
e5 9. dxe5 Nxe5 10. Bc2 c6 11. h3 Bh5 12. Qe2 Qd7 13. Nxe5 Bxe2 14. Nxd7 Nxd7
15. Rxe2 Rfe8 16. Nf3 Re7 17. Bd2 Rae8 18. Rae1 c5 19. Kf1 b5 20. Bc1 a5 21. e4
d4 22. Bd2 a4 23. cxd4 cxd4 24. Bd3 Rb8 25. Bb4 Ree8 26. Rc2 h6 27. Rc7 Ne5 28.
Nxe5 Bxe5 29. Rc6 Kg7 30. Bd6 Bf6 31. Bxb8 1-0

[Event "26th WSCC 2016 Open 50+"]
[Site "Marianske Lazne, Czech Republic - Hotel Cristal and Continental"]
[Date "2016.11.27"]
[Round "8.72"]
[White "De Winter, Gerard"]
[Black "Macek, Oldrich"]
[Result "1/2-1/2"]
[WhiteElo "1771"]
[BlackElo "1677"]
[PlyCount "81"]
[EventDate "2016.11.19"]

1. d4 Nf6 2. Nf3 d5 3. c4 c6 4. cxd5 cxd5 5. Nc3 Nc6 6. g3 g6 7. Bg2 Bg7 8. O-O
O-O 9. a3 Ne4 10. e3 Qa5 11. Nxe4 dxe4 12. Nd2 f5 13. Nb3 Qb6 14. Bd2 Be6 15.
Nc5 Bc4 16. Nd7 Qxb2 17. Nxf8 Bxf1 18. Bxf1 Kxf8 19. Rb1 Qxa3 20. Rxb7 Bf6 21.
Qb1 Qd6 22. Bc3 Kg7 23. Bb5 Rc8 24. Bd2 Kh6 25. Bxc6 Qxc6 26. Rxa7 Rc7 27. Rxc7
Qxc7 28. Qc1 Qb7 29. Bc3 Qc7 30. Bb2 Qb7 31. Qc2 e6 32. Ba3 Qf7 33. Qc5 Kh5 34.
h3 g5 35. Qf8 Qxf8 36. Bxf8 f4 37. Bd6 fxe3 38. fxe3 Kg6 39. g4 h5 40. Kf2 Bd8
41. Ke2 1/2-1/2

[Event "26th WSCC 2016 Open 50+"]
[Site "Marianske Lazne, Czech Republic - Hotel Cristal and Continental"]
[Date "2016.11.27"]
[Round "8.73"]
[White "Laloucek, Miroslav"]
[Black "Muniraju, Narayanappa"]
[Result "0-1"]
[WhiteElo "1771"]
[BlackElo "1264"]
[PlyCount "70"]
[EventDate "2016.11.19"]

1. d4 Nf6 2. Nf3 d6 3. c4 c6 4. Bf4 Nbd7 5. Nbd2 e6 6. e4 Be7 7. Bd3 Nh5 8. Be3
Nhf6 9. Qc2 e5 10. h3 Nf8 11. dxe5 N6d7 12. exd6 Bxd6 13. c5 Bc7 14. O-O Ne6
15. b4 Qe7 16. Qc3 O-O 17. e5 Re8 18. Nc4 h6 19. Nd6 Rd8 20. Nd4 Nxe5 21. Nxe6
Qxe6 22. Bf5 Qf6 23. Qc2 Bxd6 24. Bxc8 Raxc8 25. cxd6 Qxd6 26. Bc5 Qb8 27. Rfe1
Nd3 28. Re3 Nxc5 29. Qxc5 Rd5 30. Qc3 Rcd8 31. Rae1 Kf8 32. Re7 R5d7 33. Rxd7
Rxd7 34. Qc5+ Kg8 35. Re7 Rd1+ 0-1

[Event "26th WSCC 2016 Open 50+"]
[Site "Marianske Lazne, Czech Republic - Hotel Cristal and Continental"]
[Date "2016.11.27"]
[Round "8.74"]
[White "Maly, Petr"]
[Black "Sand, Rosemarie"]
[Result "1/2-1/2"]
[WhiteElo "1667"]
[BlackElo "1763"]
[PlyCount "48"]
[EventDate "2016.11.19"]

1. d4 Nf6 2. Bg5 d5 3. Bxf6 exf6 4. e3 Bd6 5. Bd3 c6 6. c3 Be6 7. Qc2 g6 8. Nd2
Nd7 9. Ne2 Qc7 10. g3 f5 11. O-O O-O 12. c4 dxc4 13. Nxc4 Nf6 14. Nxd6 Qxd6 15.
a3 Rac8 16. b4 Rfd8 17. Rfd1 Bd5 18. Nc3 Bf3 19. Be2 Bxe2 20. Qxe2 Qe6 21. Qa2
Qe7 22. Rac1 Ne4 23. Qb1 Nxc3 24. Rxc3 Qe6 1/2-1/2

[Event "26th WSCC 2016 Open 50+"]
[Site "Marianske Lazne, Czech Republic - Hotel Cristal and Continental"]
[Date "2016.11.27"]
[Round "8.75"]
[White "Dolezal, Rudolf"]
[Black "Rehurek, Jiri"]
[Result "1-0"]
[WhiteElo "1744"]
[BlackElo "1633"]
[PlyCount "115"]
[EventDate "2016.11.19"]

1. e4 c5 2. c3 Nf6 3. e5 Nd5 4. Nf3 e6 5. d4 cxd4 6. cxd4 Be7 7. Bc4 Nb6 8. Bb3
O-O 9. O-O d6 10. Nc3 dxe5 11. Nxe5 N8d7 12. Qg4 Nxe5 13. dxe5 Kh8 14. Be3 Nd5
15. Qh5 Nxc3 16. bxc3 Qc7 17. Rac1 Bd7 18. Bd4 Bc5 19. Bc2 g6 20. Qh4 b6 21.
Rfd1 Bc6 22. Rd3 Rg8 23. Rh3 Rg7 24. Qh6 Kg8 25. Bb3 Qb7 26. Qg5 Be7 27. Qg4
Be4 28. Rg3 Bf5 29. Qe2 Bh4 30. Rg4 Bxg4 31. Qxg4 Be7 32. Be3 h5 33. Qh3 Qc6
34. Rd1 Rd8 35. Rc1 Rd3 36. g3 Ba3 37. Rf1 Be7 38. Bd4 Bc5 39. Qh4 Bxd4 40.
cxd4 Rc3 41. Qf6 Rc1 42. d5 Rxf1+ 43. Kxf1 Qc1+ 44. Kg2 exd5 45. Bxd5 Qc7 46.
Qf4 Qe7 47. h4 g5 48. hxg5 Rxg5 49. Bxf7+ Kg7 50. e6 Qc5 51. Qa4 Qd5+ 52. Kg1
Re5 53. Qb4 Qd1+ 54. Kg2 Re1 55. Qc3+ Kh7 56. Qc6 Qd4 57. e7 Qe4+ 58. Qxe4+ 1-0

[Event "26th WSCC 2016 Open 50+"]
[Site "Marianske Lazne, Czech Republic - Hotel Cristal and Continental"]
[Date "2016.11.27"]
[Round "8.78"]
[White "Koci, Vladimir"]
[Black "Bastyr, Pavel"]
[Result "0-1"]
[WhiteElo "1636"]
[BlackElo "1462"]
[PlyCount "64"]
[EventDate "2016.11.19"]

1. e4 c5 2. Nf3 d6 3. d4 cxd4 4. Nxd4 Nf6 5. Nc3 a6 6. Bc4 e6 7. Bb3 Be7 8. Be3
O-O 9. Qe2 b5 10. f3 Nbd7 11. Nc6 Qe8 12. a4 Bb7 13. Nxe7+ Qxe7 14. axb5 axb5
15. O-O b4 16. Na4 Ba6 17. Bc4 Bxc4 18. Qxc4 d5 19. exd5 Nxd5 20. Bf2 Rfc8 21.
Qe4 N7f6 22. Qd3 Nf4 23. Qd2 N6d5 24. Bg3 Qg5 25. Bxf4 Nxf4 26. Kh1 Rd8 27. Qf2
Qb5 28. Qc5 Qe2 29. Qf2 Qxf2 30. Rxf2 Rxa4 31. Re1 Rda8 32. g3 Ra1 0-1

[Event "26th WSCC 2016 Open 50+"]
[Site "Marianske Lazne, Czech Republic - Hotel Cristal and Continental"]
[Date "2016.11.27"]
[Round "8.80"]
[White "Shashidhar, B Rai"]
[Black "Kabyzhanov, Bulat"]
[Result "0-1"]
[WhiteElo "1306"]
[BlackElo "2039"]
[PlyCount "92"]
[EventDate "2016.11.19"]

1. e4 c5 2. Nf3 e6 3. d4 cxd4 4. Nxd4 Nf6 5. f3 a6 6. c4 Nc6 7. Nc3 d6 8. Be3
Be7 9. Qd2 O-O 10. Be2 Bd7 11. O-O Ne5 12. b3 Rc8 13. Rac1 Re8 14. h3 Ng6 15.
f4 e5 16. fxe5 dxe5 17. Nf5 Bxf5 18. Qxd8 Bxd8 19. exf5 Nf4 20. Bxf4 exf4 21.
Rxf4 Bb6+ 22. Kh1 Be3 23. Rff1 Bxc1 24. Rxc1 Re5 25. Bf3 Rc7 26. Rd1 h5 27.
Rd8+ Kh7 28. Nd5 Nxd5 29. Bxd5 h4 30. Rf8 Kh6 31. Rxf7 Rxf7 32. Bxf7 Rxf5 33.
Bd5 b6 34. b4 Kg5 35. Kh2 Kf6 36. a4 Ke7 37. Be4 Rf4 38. Bd5 Kd6 39. g3 hxg3+
40. Kxg3 Rd4 41. h4 b5 42. axb5 axb5 43. Bf3 bxc4 44. b5 Kc5 45. h5 c3 46. h6
gxh6 0-1

[Event "26th WSCC 2016 Open 50+"]
[Site "Marianske Lazne, Czech Republic - Hotel Cristal and Continental"]
[Date "2016.11.28"]
[Round "9.1"]
[White "Sturua, Zurab"]
[Black "Vlassov, Nikolai"]
[Result "1/2-1/2"]
[WhiteElo "2556"]
[BlackElo "2415"]
[PlyCount "54"]
[EventDate "2016.11.19"]

1. d4 f5 2. g3 Nf6 3. Bg2 g6 4. Nf3 Bg7 5. O-O O-O 6. c4 d6 7. Nc3 Qe8 8. b3 e5
9. dxe5 dxe5 10. e4 fxe4 11. Ng5 Bg4 12. Qe1 h6 13. Ngxe4 Nc6 14. Ba3 Rf7 15.
h3 Nxe4 16. hxg4 Nxc3 17. Qxc3 e4 18. Qe3 Rxf2 19. Qxf2 Bd4 20. Qxd4 Nxd4 21.
Rae1 Qe5 22. Rxe4 Ne2+ 23. Rxe2 Qxe2 24. Bd5+ Kh8 25. Rf2 Qe1+ 26. Kg2 Re8 27.
Bb2+ Re5 1/2-1/2

[Event "26th WSCC 2016 Open 50+"]
[Site "Marianske Lazne, Czech Republic - Hotel Cristal and Continental"]
[Date "2016.11.28"]
[Round "9.2"]
[White "Arkell, Keith C"]
[Black "Bagaturov, Giorgi"]
[Result "0-1"]
[WhiteElo "2450"]
[BlackElo "2410"]
[PlyCount "120"]
[EventDate "2016.11.19"]

1. Nf3 Nf6 2. c4 g6 3. Nc3 Bg7 4. d4 O-O 5. g3 d6 6. Bg2 Nc6 7. O-O e5 8. dxe5
Nxe5 9. b3 c6 10. Bb2 Nxf3+ 11. Bxf3 Bh3 12. Re1 d5 13. cxd5 Nxd5 14. Na4 Bxb2
15. Nxb2 Qf6 16. Nd3 Rad8 17. Qd2 Rfe8 18. Rac1 Bf5 19. e4 Bc8 20. Bg2 Nc7 21.
Qe3 Qd4 22. Qxd4 Rxd4 23. Red1 Red8 24. Nb2 Rd2 25. a3 Be6 26. Rxd2 Rxd2 27.
Na4 Nb5 28. Nc5 Nd4 29. Rb1 b6 30. Nxe6 Nxe6 31. e5 Nd4 32. Kf1 Rd3 33. Ke1
Nxb3 34. Bxc6 Nd4 35. Rc1 Rxa3 36. f4 Nxc6 37. Rxc6 Kf8 38. Rc7 a5 39. Rb7 Rb3
40. Ra7 h5 41. Kf2 Rb2+ 42. Kf3 Rxh2 43. f5 gxf5 44. Rb7 Rb2 45. Kf4 Rb4+ 46.
Kxf5 Rb3 47. Rb8+ Kg7 48. Rb7 Rb5 49. Ra7 Rc5 50. Ra6 Rc6 51. Kg5 Re6 52. Kf5
Rg6 53. Ra7 Rxg3 54. e6 Rf3+ 55. Ke4 Rf6 56. e7 Re6+ 57. Kf5 h4 58. Kg4 Kf6 59.
Rb7 Rxe7 60. Rxb6+ Re6 0-1

[Event "26th WSCC 2016 Open 50+"]
[Site "Marianske Lazne, Czech Republic - Hotel Cristal and Continental"]
[Date "2016.11.28"]
[Round "9.3"]
[White "Ivanov, Alexander"]
[Black "Reprintsev, Alexander"]
[Result "0-1"]
[WhiteElo "2478"]
[BlackElo "2321"]
[PlyCount "68"]
[EventDate "2016.11.19"]

1. e4 e5 2. Nf3 Nc6 3. Bb5 Bc5 4. c3 f5 5. d4 fxe4 6. Bxc6 dxc6 7. Nfd2 Qg5 8.
dxc5 Qxg2 9. Qh5+ Kf8 10. Rf1 Nf6 11. Qxe5 Bh3 12. Qg3 e3 13. fxe3 Qxg3+ 14.
hxg3 Bxf1 15. Nxf1 h5 16. Nbd2 g5 17. b3 Re8 18. c4 Ng4 19. Nf3 h4 20. gxh4
gxh4 21. Bb2 Rh5 22. Bd4 b6 23. b4 h3 24. N3h2 Nxh2 25. Nxh2 Rg5 26. O-O-O Rg2
27. Rd2 Kf7 28. Nf3 bxc5 29. bxc5 Rb8 30. Bc3 Ke6 31. Nd4+ Kd7 32. Nf5+ Rxd2
33. Kxd2 h2 34. Ng3 Rg8 0-1

[Event "26th WSCC 2016 Open 50+"]
[Site "Marianske Lazne, Czech Republic - Hotel Cristal and Continental"]
[Date "2016.11.28"]
[Round "9.4"]
[White "Mohr, Georg"]
[Black "Akesson, Ralf"]
[Result "1-0"]
[WhiteElo "2461"]
[BlackElo "2416"]
[PlyCount "65"]
[EventDate "2016.11.19"]

1. Nf3 Nf6 2. d4 e6 3. Bg5 c5 4. c3 Be7 5. e3 b6 6. Bd3 Bb7 7. Nbd2 Nc6 8. O-O
cxd4 9. exd4 Nd5 10. Ne4 f6 11. Bd2 Qc7 12. Re1 O-O 13. Rc1 Rae8 14. c4 Ndb4
15. Bb1 d5 16. cxd5 Nxd5 17. Nc3 Nxc3 18. Rxc3 Qd7 19. Qb3 Nd8 20. Qc2 f5 21.
a3 Be4 22. Rxe4 fxe4 23. Qxe4 g6 24. Ne5 Qb7 25. Qg4 Bf6 26. Bh6 Bg7 27. Be4
Qe7 28. Nxg6 Qf6 29. Nxf8 Qxh6 30. Nxh7 Nf7 31. h4 Nd6 32. Ng5 Nf5 33. Rc7 1-0

[Event "26th WSCC 2016 Open 50+"]
[Site "Marianske Lazne, Czech Republic - Hotel Cristal and Continental"]
[Date "2016.11.28"]
[Round "9.5"]
[White "Vokac, Marek"]
[Black "Matamoros Franco, Carlos S"]
[Result "1/2-1/2"]
[WhiteElo "2391"]
[BlackElo "2495"]
[PlyCount "80"]
[EventDate "2016.11.19"]

1. d4 Nf6 2. c4 g6 3. Nc3 Bg7 4. e4 d6 5. f4 c5 6. dxc5 Qa5 7. Bd3 Nfd7 8. Nge2
Nxc5 9. O-O Bg4 10. h3 Bxe2 11. Nxe2 Nc6 12. Kh1 O-O 13. a3 Qb6 14. Bc2 Na5 15.
Rf3 Nxc4 16. Rb1 Qd8 17. b3 Nb6 18. b4 Ncd7 19. Bb3 Rc8 20. Be3 Nc4 21. Bg1 a6
22. a4 Nf6 23. Nc3 b5 24. axb5 axb5 25. Qe2 Qd7 26. Rd1 Qb7 27. Bd4 Nh5 28.
Bxg7 Kxg7 29. Rd5 Qa8 30. Nxb5 Nb6 31. Rd1 Kg8 32. f5 Nd7 33. Kh2 Ne5 34. Rff1
Nf6 35. fxg6 hxg6 36. Nxd6 Qb8 37. Kh1 exd6 38. Rxf6 Qxb4 39. Bd5 Kg7 40. Rdf1
Rc7 1/2-1/2

[Event "26th WSCC 2016 Open 50+"]
[Site "Marianske Lazne, Czech Republic - Hotel Cristal and Continental"]
[Date "2016.11.28"]
[Round "9.6"]
[White "Ginsburg, Mark"]
[Black "Danielsen, Henrik"]
[Result "1/2-1/2"]
[WhiteElo "2340"]
[BlackElo "2477"]
[PlyCount "149"]
[EventDate "2016.11.19"]

1. d4 d6 2. Nf3 Nf6 3. c4 g6 4. Nc3 Bg7 5. e4 O-O 6. Be2 c5 7. O-O Bg4 8. d5
Nbd7 9. Bf4 Bxf3 10. Bxf3 a6 11. Qd2 Rb8 12. a4 Ne8 13. Be2 Bd4 14. Be3 Bg7 15.
Bh6 Qc7 16. Bxg7 Kxg7 17. f4 Rd8 18. Bg4 Nef6 19. Bh3 Rfe8 20. b3 h6 21. Rae1
e5 22. dxe6 fxe6 23. Qb2 Re7 24. Kh1 Rf8 25. Qd2 Nb8 26. Rd1 Ne8 27. f5 Ref7
28. Rfe1 gxf5 29. exf5 exf5 30. Re6 Nf6 31. Nd5 Qd8 32. Ne3 Ng8 33. Rxd6 Qg5
34. Rd5 Nc6 35. Rxc5 Nge7 36. Qf2 b6 37. Nxf5+ Nxf5 38. Rxf5 Rxf5 39. Bxf5 Qxf5
40. Qxb6 Qf1+ 41. Qg1 Qe2 42. h3 Rf7 43. Re1 Qd2 44. Rd1 Qc2 45. Rd6 Ne7 46.
Qe3 Nf5 47. Qe5+ Kh7 48. Rxa6 Rg7 49. g4 Qd1+ 50. Kh2 Qd2+ 51. Kh1 Qc1+ 52. Kh2
Qc2+ 53. Kh1 Qc1+ 54. Kh2 Qd2+ 55. Kh1 Ng3+ 56. Qxg3 Rf7 57. Qg2 Qe1+ 58. Kh2
Rf2 59. Ra7+ Kg6 60. Ra6+ Kg7 61. Ra7+ Kf6 62. Ra6+ Ke7 63. Ra7+ Kd8 64. Ra8+
Kc7 65. Ra7+ Kb6 66. Rb7+ Ka6 67. Rb5 Qe2 68. Qxf2 Qxf2+ 69. Kh1 Qg3 70. Rh5
Kb7 71. b4 Qe1+ 72. Kg2 Qe2+ 73. Kg3 Qd3+ 74. Kg2 Qxc4 75. Rb5+ 1/2-1/2

[Event "26th WSCC 2016 Open 50+"]
[Site "Marianske Lazne, Czech Republic - Hotel Cristal and Continental"]
[Date "2016.11.28"]
[Round "9.7"]
[White "Haba, Petr"]
[Black "Konopka, Michal"]
[Result "1/2-1/2"]
[WhiteElo "2472"]
[BlackElo "2396"]
[PlyCount "105"]
[EventDate "2016.11.19"]

1. d4 d5 2. c4 Nc6 3. cxd5 Qxd5 4. e3 e5 5. Nc3 Bb4 6. a3 Bxc3+ 7. bxc3 Nf6 8.
c4 Qd6 9. d5 Nb8 10. Ne2 Na6 11. Nc3 O-O 12. Be2 Nc5 13. O-O Nfe4 14. Nb5 Qe7
15. f3 Nd6 16. a4 a6 17. Nc3 a5 18. Ba3 b6 19. Bxc5 bxc5 20. Qc1 Ba6 21. Nb5 e4
22. f4 f5 23. Qa3 Bxb5 24. cxb5 Nb7 25. g4 Rad8 26. Rad1 Rd6 27. g5 Rfd8 28.
Rd2 Kf8 29. Rfd1 g6 30. h4 h5 31. Bc4 Qg7 32. Kf2 R8d7 33. Ke2 Ke7 34. Rc2 Kd8
35. Rdd2 Kc8 36. Bb3 Kb8 37. Kd1 Rb6 38. Kc1 Rbd6 39. Kb1 Rb6 40. Ka2 Rbd6 41.
Rxc5 Nxc5 42. Qxc5 Kb7 43. Rd4 Kb8 44. Qc2 Qe7 45. Qd2 Qd8 46. Qxa5 c5 47.
Qxd8+ Rxd8 48. Rd2 Kc7 49. Kb2 Kb6 50. Kc3 Ra8 51. Kc4 Ra7 52. Ra2 Ra5 53. Rd2
1/2-1/2

[Event "26th WSCC 2016 Open 50+"]
[Site "Marianske Lazne, Czech Republic - Hotel Cristal and Continental"]
[Date "2016.11.28"]
[Round "9.8"]
[White "Petran, Peter"]
[Black "Meister, Jakob"]
[Result "0-1"]
[WhiteElo "2302"]
[BlackElo "2444"]
[PlyCount "126"]
[EventDate "2016.11.19"]

1. c4 e5 2. g3 Nf6 3. Bg2 c6 4. d4 Bb4+ 5. Bd2 Bxd2+ 6. Qxd2 d6 7. Nc3 Qe7 8.
e3 e4 9. Qc2 Bf5 10. Nge2 Na6 11. a3 O-O 12. b4 Nc7 13. h3 h6 14. g4 Bh7 15.
Ng3 Rfe8 16. Qb3 Qd7 17. Rb1 Ne6 18. Rd1 d5 19. Bf1 dxc4 20. Bxc4 b5 21. Bxe6
Rxe6 22. O-O Rd6 23. Rd2 Bg6 24. Kg2 Re8 25. Qd1 Qd8 26. Rh1 a6 27. Qe2 Nd7 28.
a4 Qe7 29. a5 Nf6 30. Rb2 Qd7 31. Qd1 Nh7 32. Nb1 f5 33. gxf5 Bxf5 34. h4 Bg4
35. Qb3+ Kh8 36. Nd2 Nf6 37. Kf1 Be6 38. Qc2 Bd5 39. Nb3 Bxb3 40. Qxb3 Nd5 41.
Ke1 Rf6 42. Kd1 Rf3 43. Re1 Qg4 44. Kc1 Qxh4 45. Kb1 Qe7 46. Rc1 Qd6 47. Rc5
Nxe3 48. fxe3 Qxg3 49. Re2 Rf6 50. Qc2 Ree6 51. Ka2 Qg6 52. Ka3 Qf7 53. Re5
Rxe5 54. dxe5 Re6 55. Qxe4 Qe7 56. Rf2 Kg8 57. Rf5 c5 58. Qa8+ Kh7 59. Rf8 Rxe5
60. Rh8+ Kg6 61. Qxa6+ Kg5 62. Kb2 Rxe3 63. Qxb5 Qe5+ 0-1

[Event "26th WSCC 2016 Open 50+"]
[Site "Marianske Lazne, Czech Republic - Hotel Cristal and Continental"]
[Date "2016.11.28"]
[Round "9.9"]
[White "Bruno, Fabio"]
[Black "Barle, Janez"]
[Result "1-0"]
[WhiteElo "2435"]
[BlackElo "2303"]
[PlyCount "83"]
[EventDate "2016.11.19"]

1. c4 e6 2. g3 Nf6 3. Bg2 d5 4. Nf3 c5 5. cxd5 exd5 6. d4 Nc6 7. O-O Be7 8. Nc3
O-O 9. Bg5 cxd4 10. Nxd4 h6 11. Be3 Be6 12. Qb3 Qd7 13. Rfd1 Rfd8 14. Rac1 Kh8
15. Nxe6 fxe6 16. Bh3 Bf8 17. Nb5 Na5 18. Qa4 Nc6 19. Nd4 Nxd4 20. Qxd4 e5 21.
Qh4 Qf7 22. Bg5 Rd6 23. Bg2 Nh7 24. Bd2 Ra6 25. Be1 Nf6 26. a3 Bd6 27. Qh3 Rc6
28. Qf5 e4 29. Rxc6 bxc6 30. Bxe4 Qb7 31. Bd3 Qxb2 32. a4 c5 33. Qg6 c4 34.
Bxc4 dxc4 35. Rxd6 Qe5 36. Rd2 Rb8 37. Qc2 Ne4 38. Rd1 Rc8 39. f3 Qc5+ 40. Kg2
Nf6 41. e4 Qc6 42. Bc3 1-0